| 000 | 00421nam a2200157Ia 4500 | ||
|---|---|---|---|
| 008 | 230524s9999 xx 000 0 und d | ||
| 082 |
_a621.382 _bHUB |
||
| 100 | _aCharles I.Hubert | ||
| 245 | 0 | _a"Electric Machines (Theory,Operation, Applications, Adjustment?)" | |
| 250 | _a2ND | ||
| 260 |
_aNEW DELHI _bPearson _c2007 |
||
| 300 | _aXVIII;597 | ||
| 500 | _aQuantity Number: 6 | ||
| 650 | _aElectrical | ||
| 942 | _cBK | ||
| 999 |
_c36555 _d36555 |
||